LIBRARY & INFORMATION CENTRE, KCAET, TAVANUR

ONLINE PUBLIC ACCESS CATALOGUE (OPAC)

Theory and problems of programming with C / (Record no. 9577)

MARC details
000 -LEADER
fixed length control field 00634cam a2200241ua 4500
020 ## - INTERNATIONAL STANDARD BOOK NUMBER
ISBN 0 07 460144 x
041 ## - LANGUAGE CODE
Language code of text/sound track or separate title eng
082 ## - DEWEY DECIMAL CLASSIFICATION NUMBER
Classification number 005.133
Item number GOT/TH
100 ## - MAIN ENTRY--AUTHOR NAME
Personal name Gottfried, Byron S .
245 ## - TITLE STATEMENT
Title Theory and problems of programming with C /
250 ## - EDITION STATEMENT
Edition statement 1 /
260 ## - PUBLICATION, DISTRIBUTION, ETC. (IMPRINT)
Place of publication New Delhi :
Name of publisher Tata Mc-Graw Hill Publishing Company ,
Year of publication 1992.
300 ## - PHYSICAL DESCRIPTION
Number of Pages 530 ; .
500 ## - GENERAL NOTE
General note *CSS
942 ## - ADDED ENTRY ELEMENTS (KOHA)
Koha item type Books
Holdings
Withdrawn status Lost status Damaged status Home library Current library Date acquired Full call number Accession Number Koha item type
      KAUAET KAUAET 07/04/2012 005.133 18073 Books
      KAUAET KAUAET 07/04/2012 005.133 18178 Books
    Damaged KAUAET KAUAET 07/04/2012 005.133 18177 Books
      KAUAET KAUAET 07/04/2012 005.133 17919 Books
      KAUAET KAUAET 07/04/2012 005.133 17918 Books
free website counter